Picture Quiz: Lead Singers 1980's - 2000's - Statistics

General Stats
  • This quiz has been taken 459 times
  • The average score is 6 of 15
Answer Stats
Picture Answer % Correct
Sting
91%
Bono
76%
Dave Grohl
56%
Thom Yorke
47%
Michael Stipe
44%
Robert Smith
41%
Simon Le Bon
40%
Damon Albarn
38%
Jarvis Cocker
38%
Jack White
27%
Midge Ure
25%
Henry Rollins
19%
Joe Strummer
19%
Alex Kapranos
6%
Jaz Coleman
3%
No matching quizzes found
Score Distribution
Percent of People with Each Score
Percentile by Number Answered
Your Score History
You have not taken this quiz